000 00550nam a2200169Ia 4500
003 SGT
020 _a9781259002465
082 _a5.133
_bSCH
100 _aSchildt, Herbert
245 _aJava the complete reference, eighth edition
250 _a8th Ed.
260 _bTata McGraw Hill Education Private Limited
_aNew Delhi
_c2012
300 _a1116p.
650 _aCOMPUTER SCIENCE
653 _aTHE JAVA LANGUAGE, THE JAVA LIBRARY, DATA TYPES,VARIABLES,AND ARRAYS, CONTROL STATEMENT, INTRODUCING CLASSES, EXCEPTION HANDLING
942 _2ddc
_cBK
_070
999 _c5440
_d5440